000 01234nam a22004210a 4500
001 PT49748
003 AR-LpoUNG
005 20260131014315.0
008 201001s2013||||ag |||||||||||||||||spa d
020 _a9789876301534
_c$39,95
040 _aAR-LpoUNG
_bspa
_eaacr
_cAR-LpoUNG
041 0 _aspa
044 _aag
082 0 _aR334.01 368dic
100 1 _aCattani, Antonio David
_eorg.
245 1 0 _aDiccionario de la otra economía
250 _a2da. ed.
260 _aBuenos Aires :
_bUniversidad Nacional de General Sarmiento,
_c2013.
300 _a381 p. :
_bil., gráfs., tbls.
_3Impreso
490 0 _aLecturas de Economía Social
650 4 _aCOLECTIVISMO
650 4 _aCOMERCIO
650 4 _aCOOPERATIVAS
650 4 _aDICCIONARIOS
650 4 _aECONOMIA
650 4 _aECONOMIA COLECTIVA
650 4 _aECONOMIA DEL TRABAJO
650 4 _aMATERIAL DE REFERENCIA
650 4 _aMODOS DE PRODUCCION
650 4 _aSOCIALISMO
653 0 _aECONOMIA SOCIAL
653 0 _aECONOMIA SOLIDARIA
700 1 _aCoraggio, José Luis
_eorg.
_93
700 1 _aLaville, Jean-Louis
_eorg.
856 4 0 _uhttps://repositorio.ungs.edu.ar/handle/UNGS/819
_yTexto completo
905 _a49748
942 _cLSALA
_2ddc
999 _c51177
_d51177